000 00310nam a2200121Ia 4500
008 190216s9999||||xx |||||||||||||| ||und||
100 _aProakis John G And Manola Kiso G
245 0 _aDigital Signal Processing
260 _bPrentice Hall Of India Pvt Ltd
300 _a1084
650 _aPhysics
942 _cBK
999 _c34114
_d34114